Detalles MARC
| 000 -CABECERA |
| campo de control de longitud fija |
01596nam a2200277 a 4500 |
| 001 - NÚMERO DE CONTROL |
| campo de control |
000039210 |
| 005 - FECHA Y HORA DE LA ÚLTIMA TRANSACCIÓN |
| campo de control |
20201002031539.0 |
| 008 - DATOS DE LONGITUD FIJA--INFORMACIÓN GENERAL |
| campo de control de longitud fija |
130611s2003 sp 000 0 spa d |
| 020 ## - NÚMERO INTERNACIONAL ESTÁNDAR DEL LIBRO |
| Número Internacional Estándar del Libro |
8400081447(v.1) |
| 020 ## - NÚMERO INTERNACIONAL ESTÁNDAR DEL LIBRO |
| Número Internacional Estándar del Libro |
8400081439(v.3) |
| 040 ## - FUENTE DE LA CATALOGACIÓN |
| Centro catalogador/agencia de origen |
DO-SdBNP |
| Lengua de catalogación |
spa |
| Centro/agencia transcriptor |
BNPHU |
| 100 1# - ENTRADA PRINCIPAL--NOMBRE DE PERSONA |
| Nombre de persona |
Barco del Barco, Francisco Javier del |
| 9 (RLIN) |
65402 |
| 245 10 - MENCIÓN DE TÍTULO |
| Título |
Catálogo de manuscritos hebreos de la comunidad de Madrid / |
| Mención de responsabilidad, etc. |
Francisco Javier del Barco del Barco ; estudios introductorios por Ma. Teresa Ortega Monasterio, Ma Josefa de Azcárraga Servert y Luis Vegas Montaner. |
| 260 ## - PUBLICACIÓN, DISTRIBUCIÓN, ETC. |
| Lugar de publicación, distribución, etc. |
Madrid : |
| Nombre del editor, distribuidor, etc. |
Consejo Superior de Investigaciones Científicas, |
| Fecha de publicación, distribución, etc. |
2003. |
| 300 ## - DESCRIPCIÓN FÍSICA |
| Extensión |
3v. (271, 316 p.) : |
| Otras características físicas |
il., +CD ; |
| Dimensiones |
24 cm. |
| 490 1# - MENCIÓN DE SERIE |
| Mención de serie |
Literatura hispano-hebrea |
| Designación de volumen o secuencia |
8 |
| 500 ## - NOTA GENERAL |
| Nota general |
La biblioteca posee el v. 1y 3 |
| 500 ## - NOTA GENERAL |
| Nota general |
Incluye referencias bibliográficas y notas al pie de las páginas |
| 505 0# - NOTA DE CONTENIDO CON FORMATO |
| Información miscelánea |
V. 1-- |
| Título |
Manuscritos bíblicos, comentarios bíblicos de autor y obras gramaticales en las bibliotecas de El Escorial, Universidad Complutense de Madrid y Palacio Real -- |
| Información miscelánea |
v. 3 |
| Título |
Manuscritos hebreos, excepto bíblicos, comentarios bíblicos y obras gramaticales, en las bibliotecas de El Escorial, Universidad Complutense de Madrid y Real Academia de la Historia ; manuscritos hebreos en el CSIC |
| 546 ## - NOTA DE LENGUA/LENGUAJE |
| Nota de lengua/lenguaje |
Textos en español y hebreo |
| 700 1# - PUNTO DE ACCESO ADICIONAL--NOMBRE DE PERSONA |
| Nombre de persona |
Ortega Monasterio,Ma. Teresa |
| 9 (RLIN) |
65403 |
| 710 2# - PUNTO DE ACCESO ADICIONAL--NOMBRE DE ENTIDAD CORPORATIVA |
| Nombre de entidad corporativa o nombre de jurisdicción como elemento de entrada |
Consejo Superior de Investigaciones Científicas |
| 9 (RLIN) |
4786 |
| 700 1# - PUNTO DE ACCESO ADICIONAL--NOMBRE DE PERSONA |
| Nombre de persona |
Azcárraga Servert, , Ma Josefa de |
| 9 (RLIN) |
65404 |
| 700 1# - PUNTO DE ACCESO ADICIONAL--NOMBRE DE PERSONA |
| Nombre de persona |
Vegas Montaner, Luis |
| 9 (RLIN) |
65405 |
| 830 #0 - PUNTO DE ACCESO ADICIONAL DE SERIE-TÍTULO UNIFORME |
| Título uniforme |
Literatura hispano-hebrea |
| Designación de volumen o secuencia |
8 |
| 9 (RLIN) |
65406 |